000 00540nam a2200181Ia 4500
008 090123s9999 xx 000 0 und d
082 _b4339
_a891.463/गांगल
100 _aगांगल वसंत
245 _aरेशीमगांठ
250 _a1
260 _bरंजना प्रकाशन
_c1976
300 _a160
600 _aगांगल वसंत
630 _aरेशीमगांठ
700 _aगांगल वसंत
730 _aरेशीमगांठ
942 _cBOOK
999 _c42414
_d42414